[Event "Groningen op"]
[Site "Groningen"]
[Date "1994.??.??"]
[Round "9"]
[White "Krylov, Stanislav"]
[Black "Zak, Uriel"]
[Result "0-1"]
[WhiteElo "2290"]
[BlackElo "2370"]

1.c4 b6 2.Nc3 Bb7 3.e4 e6 4.Nf3 Bb4 5.Bd3 Ne7 6.O-O Bxc3 7.dxc3 O-O 8.Bg5 f6
9.Bh4 e5 10.Bg3 d6 11.Qe2 Nd7 12.Nd2 Nc5 13.b4 Ne6 14.Nb3 Ng6 15.f3 Ngf4
16.Qe3 c6 17.Rfd1 Qc7 18.Bf1 f5 19.Bf2 fxe4 20.fxe4 c5 21.Rd2 Ng5 22.Rd5 Bxd5
23.cxd5 Rf6 24.Bh4 Rg6 25.Kh1 h6 26.bxc5 bxc5 27.Nd2 Rb8 28.Nc4 Rf8 29.h3 Qd7
30.Kh2 Nfxh3 31.gxh3 Nf3+ 32.Kh1 Nxh4 33.Be2 Rf3  0-1

[Event "EU-ch U18"]
[Site "Hania"]
[Date "1994.??.??"]
[Round "4"]
[White "Ruck, Robert"]
[Black "Kulaots, Kaido"]
[Result "1-0"]
[WhiteElo "2435"]
[BlackElo "2415"]

1.c4 b6 2.Nc3 Bb7 3.e4 e6 4.g3 c5 5.Bg2 Nf6 6.Nge2 a6 7.O-O Qc7 8.b3 d6 9.Bb2 Be7
10.f4 Nc6 11.h3 Nd4 12.d3 Nd7 13.Nxd4 cxd4 14.Ne2 e5 15.Rc1 Nc5 16.b4 Ne6
17.Qb3 Bc6 18.a3 O-O 19.Rb1 Qd7 20.Bc1 b5 21.f5 Nd8 22.g4 Bh4 23.Kh2 Rc8
24.Bd2 bxc4 25.dxc4 Ba4 26.Qd3 f6 27.Ng1 Bg5 28.Bxg5 fxg5 29.Nf3 Nf7 30.Rg1 d5
31.exd5 Qc7 32.Qe4 Qxc4 33.Nxe5 Qc7 34.Rbe1 Rce8 35.Qxd4 Qd6 36.Qc5 Qxc5
37.bxc5 Nxe5 38.Re4 Bc2 39.Rb4 Rc8 40.c6 a5 41.Rd4 Rfd8 42.Rc1 Nxc6 43.Rc4 Nb4
44.Rxc8 Rxc8 45.axb4 axb4 46.d6 Bxf5 47.Bd5+ Kf8 48.Rf1 g6 49.gxf5 Rd8 50.fxg6+ Kg7
51.Rf7+ Kxg6 52.d7  1-0

[Event "HUN-chT 9394"]
[Site "?"]
[Date "1994.??.??"]
[Round "?"]
[White "Bauer, Peter2"]
[Black "Erdelyi, Tamas"]
[Result "1/2-1/2"]
[WhiteElo "2210"]
[BlackElo "2330"]

1.c4 b6 2.e4 Bb7 3.Nc3 c5 4.g3 Nc6 5.Bg2 g6 6.Nge2 Bg7 7.d3 Nf6 8.h3 O-O
9.O-O Ne8 10.Be3 Rc8 11.b3 Nc7 12.d4 cxd4 13.Nxd4 Nxd4 14.Bxd4 Ne6  1/2-1/2

[Event "IND-ch"]
[Site "?"]
[Date "1994.??.??"]
[Round "11"]
[White "Koshy, Varugeese"]
[Black "Shantharam, KV."]
[Result "1-0"]
[WhiteElo "2415"]
[BlackElo "2260"]

1.c4 b6 2.Nc3 Bb7 3.e4 e6 4.Nf3 Bb4 5.Bd3 Ne7 6.O-O O-O 7.Bc2 f5 8.Qe2 Bxc3
9.dxc3 Na6 10.Bg5 fxe4 11.Bxe4 Nc5 12.Bxb7 Nxb7 13.Rad1 Nd6 14.Ne5 Qe8 15.Rd3 Rf5
16.f4 Nf7 17.Nxd7 Nxg5 18.fxg5 Rxf1+ 19.Qxf1 Ng6 20.c5 e5 21.Qf5 Qe7 22.b4 Re8
23.c4 a5 24.a3 axb4 25.axb4 Nf8 26.Rd5 e4 27.Nxf8 Rxf8 28.Re5 Rxf5 29.Rxe7 bxc5
30.b5 Rxg5 31.Kf2 Rf5+ 32.Ke3 Rf7 33.Re8+ Rf8 34.Rxf8+ Kxf8  1-0

[Event "IRL-ch"]
[Site "?"]
[Date "1994.??.??"]
[Round "8"]
[White "McElligott, Gerry"]
[Black "Joyce, John"]
[Result "1/2-1/2"]
[WhiteElo "2200"]
[BlackElo "2185"]

1.c4 b6 2.Nc3 Bb7 3.Nf3 Nf6 4.g3 e6 5.Bg2 Be7 6.O-O Ne4 7.Nxe4 Bxe4 8.d4 O-O
9.Ne1 Bxg2 10.Nxg2 c5 11.d5 Bf6 12.e4 exd5 13.exd5 d6 14.Nf4 Nd7 15.Nd3 Ne5
16.Nxe5 Bxe5 17.Re1 a6 18.Rb1 b5 19.b3 Rb8 20.Bd2 b4 21.Bc1 Qf6 22.Re2 Rbe8
23.Bb2  1/2-1/2

[Event "Lenk op"]
[Site "Lenk"]
[Date "1994.??.??"]
[Round "5"]
[White "Horvath, Tamas"]
[Black "Horvath, Sandor"]
[Result "1/2-1/2"]
[WhiteElo "2435"]
[BlackElo "2320"]

1.c4 b6 2.Nf3 Bb7 3.Nc3 Nf6 4.d4 e6 5.Bg5 Bb4 6.e3 h6 7.Bh4 g5 8.Bg3 Ne4
9.Qc2 Bxc3+ 10.bxc3 d6 11.Bd3 f5 12.h4  1/2-1/2

[Event "Moscow op"]
[Site "Moscow"]
[Date "1994.??.??"]
[Round "5"]
[White "Mitenkov, Alexey"]
[Black "Ivanov, Victor L"]
[Result "1-0"]
[WhiteElo "2445"]
[BlackElo "2385"]

1.c4 b6 2.Nc3 e6 3.e4 Bb7 4.Nf3 Bb4 5.Bd3 Ne7 6.Ne2 f5 7.Qc2 Bd6 8.a3 Ng6
9.exf5 Nh4 10.Be4 Nc6 11.fxe6 O-O 12.d4 Nxg2+ 13.Kf1 Nh4 14.Bg5 Nxf3 15.Bxd8 Raxd8
16.Rd1 dxe6 17.Qd3 Ng5 18.Bg2 e5 19.Rg1 e4 20.Bxe4 Nb4 21.Bxh7+ Nxh7 22.axb4 Bxh2
23.Rg4 Bd6 24.Qg6 Rf7 25.Rh4 Nf6 26.Rd3 Bc8 27.Ng3  1-0

[Event "NLD-chT9495"]
[Site "?"]
[Date "1994.??.??"]
[Round "1"]
[White "Bosboom, Manuel"]
[Black "De Jager, Jaap"]
[Result "1-0"]
[WhiteElo "2395"]
[BlackElo "2230"]

1.c4 b6 2.d4 e6 3.a3 Nf6 4.Nc3 Bb7 5.d5 exd5 6.cxd5 g6 7.Nf3 d6 8.g3 Bg7
9.Bg2 a5 10.O-O Nbd7 11.Nd4 Nc5 12.b3 O-O 13.Bb2 Re8 14.Qc2 Qe7 15.Rad1 Nce4
16.Ndb5 Nxc3 17.Nxc3 Qd7 18.e3 Re7 19.Ne2 Rae8 20.Rfe1 Qg4 21.Nf4 Qc8 22.Bc3 Ne4
23.Bxg7 Kxg7 24.Rd4 Qf5 25.Rc1 g5 26.Nh5+ Kh6 27.Bxe4 Rxe4 28.Nf6 Qxf6 29.Rxe4 Rc8
30.Rd4 c5 31.dxc6 Rxc6 32.Qxc6 Bxc6 33.Rxc6 Kg7 34.Rxb6 h5 35.Rbxd6 Qf3 36.h4 f6
37.hxg5 fxg5 38.Rc4 Qf7 39.Rdc6 Qd5 40.Rc7+ Kf6 41.R4c6+  1-0

[Event "BCF-ch"]
[Site "Norwich"]
[Date "1994.??.??"]
[Round "2"]
[White "Williams, Simon"]
[Black "Tebb, David"]
[Result "0-1"]
[WhiteElo "2180"]
[BlackElo "2290"]

1.c4 b6 2.Nc3 e6 3.e4 Bb7 4.Bd3 g6 5.Nge2 Bg7 6.Bc2 Ne7 7.O-O f5 8.d4 fxe4
9.Bxe4 Bxe4 10.Nxe4 O-O 11.Bg5 d5 12.cxd5 exd5 13.N4c3 c6 14.Nf4 Qd7 15.Re1 Nf5
16.Ne6 Re8 17.Nxg7 Rxe1+ 18.Qxe1 Nxg7 19.Qe5 Na6 20.Re1 Re8 21.Qxe8+ Nxe8
22.Re7 Qc8 23.Nd1 Nac7 24.Ne3 h5 25.g4 Ne6 26.Bh6 Nxd4 27.h3 Qd8 28.Rxa7 Nb5
29.Rb7 Nbd6 30.Ra7 d4 31.Ng2 Nb5 32.Rb7 Nbd6 33.Ra7 Nf7 34.Bd2 hxg4 35.Nf4 Ng5
36.Nxg6 Nf3+ 37.Kh1 Nc7 38.Bf4 Qe8 39.hxg4 Qxg6 40.Rxc7 Qxg4  0-1

[Event "DEN-ch"]
[Site "Odense"]
[Date "1994.??.??"]
[Round "1"]
[White "Hansen, Curt"]
[Black "Berg, Klaus"]
[Result "1-0"]
[WhiteElo "2580"]
[BlackElo "2440"]

1.c4 b6 2.d4 e6 3.Nc3 Bb4 4.e3 Bb7 5.Ne2 c5 6.a3 Bxc3+ 7.Nxc3 Nf6 8.d5 exd5
9.cxd5 O-O 10.Be2 a6 11.e4 d6 12.O-O Nbd7 13.a4 Re8 14.f3 Rc8 15.b3 Qe7 16.Kh1 Ne5
17.Be3 Rc7 18.Qd2 Bc8 19.Rab1 h6 20.Rfe1 Nh7 21.f4 Ng4 22.Bg1 Qh4 23.Bf3 Rce7
24.b4 f5 25.bxc5 bxc5 26.Bxg4 fxg4 27.Bf2 Qh5 28.Bg3 g5 29.Kg1 Qg6 30.Rb6 Nf6
31.Rxd6 Qg7 32.f5 Rd7 33.Re6 Rde7 34.e5 Bxe6 35.exf6 Qxf6 36.fxe6 Qd4+ 37.Qxd4 cxd4
38.Ne4 Rd8 39.Bd6  1-0

[Event "Portoroz op"]
[Site "Portoroz"]
[Date "1994.??.??"]
[Round "?"]
[White "Ivacic, Vladimir"]
[Black "Tratar, Marko"]
[Result "0-1"]
[WhiteElo "2305"]
[BlackElo "2380"]

1.c4 b6 2.Nc3 Bb7 3.e4 e6 4.Nf3 c5 5.d3 d6 6.g3 Nf6 7.Bg2 Be7 8.O-O O-O 9.a3 Nc6
10.Rb1 Qc7 11.b4 Rad8 12.Qb3 Nd7 13.Bb2 Qb8 14.Ne2 Bf6 15.d4 cxd4 16.Nexd4 Rc8
17.Rbc1 Rfd8 18.Rfd1 a6 19.Qe3 h6 20.h4 Qa8 21.Ba1 Nce5 22.Nd2 Rc7 23.f4 Ng4
24.Qe2 h5 25.Bf3 Rdc8 26.Bxg4 hxg4 27.Qxg4 b5 28.Qe2 bxc4 29.Rxc4 Qa7 30.Kh2 g6
31.Rxc7 Rxc7 32.N2f3 e5 33.fxe5 dxe5 34.Nb3 Qa8 35.Re1 Bc6 36.Rc1 Bb5 37.Qe3 Rxc1
38.Nxc1 Qc6 39.Ne1 Qc4 40.Nb3 Bc6 41.Nd2 Qc1 42.Bc3 Qxa3 43.Ng2 Qc1 44.Qf3 Bd8
45.g4 Bb6 46.Nc4 Bg1+ 47.Kg3 Nf6 48.Nd6 Nxe4+  0-1

[Event "St Affrique op"]
[Site "St Affrique"]
[Date "1994.??.??"]
[Round "?"]
[White "Manouck, Thierry"]
[Black "Guedon, Stephanne"]
[Result "1-0"]
[WhiteElo "2285"]
[BlackElo "2050"]

1.c4 b6 2.Nf3 Nf6 3.g3 e6 4.Bg2 Bb7 5.O-O Be7 6.b3 O-O 7.Bb2 c5 8.d3 d6 9.e4 Nbd7
10.Nc3 a6 11.Ne1 Rb8 12.f4 b5 13.Nc2 b4 14.Ne2 a5 15.a4 bxa3 16.Bc3 d5 17.e5 Ng4
18.Rxa3 dxc4 19.Bxa5 Qc8 20.Bxb7 Qxb7 21.bxc4 f6 22.Nc3 Nh6 23.exf6 Bxf6
24.Qe2 e5 25.f5 Bd8 26.Bxd8 Rbxd8 27.g4 Nf7 28.Rb1 Qc6 29.Ne4 Qh6 30.Qe3 Rb8
31.Rxb8 Rxb8 32.Qxh6 Nxh6 33.Ne3 Rb2 34.g5 Re2 35.gxh6 Rxe3 36.hxg7 Kxg7
37.Ra7 Rxd3 38.Nxc5 Rd1+ 39.Kf2 Kf6 40.Rxd7 Rc1 41.Rxh7 Kxf5 42.Rh4 Rc2+
43.Ke3 Kg5 44.Kd3  1-0

[Event "St Petersburg op2"]
[Site "St Petersburg"]
[Date "1994.??.??"]
[Round "4"]
[White "Petrakov, A."]
[Black "Matveeva, Svetlana"]
[Result "0-1"]
[WhiteElo "2335"]
[BlackElo "2450"]

1.c4 b6 2.e4 Bb7 3.Nc3 e6 4.Nf3 Bb4 5.Bd3 Ne7 6.O-O O-O 7.a3 Bxc3 8.dxc3 d6
9.b4 Nd7 10.Re1 Ng6 11.Bf1 Qe7 12.g3 Kh8 13.Nd4 Nf6 14.Bg2 c5 15.Nb3 Qc7
16.Bg5 Nd7 17.h4 f6 18.Be3 Nde5 19.Nd2 f5 20.h5 f4 21.hxg6 fxe3 22.Rxe3 Nxg6
23.f4 Rad8 24.Qg4 d5 25.Nf3 d4 26.cxd4 cxd4 27.Ree1 Rfe8 28.Ng5 Nf8 29.f5 h6
30.Nf3 Nh7 31.fxe6 Nf6 32.Qf5 Qxg3 33.Ne5 Kg8 34.Nf7 Rb8 35.e5  0-1

[Event "SVK-chT"]
[Site "?"]
[Date "1994.??.??"]
[Round "?"]
[White "Ruckschloss, Karol"]
[Black "Pereszlenyi, G."]
[Result "1-0"]
[WhiteElo "2285"]
[BlackElo "2090"]

1.c4 b6 2.Nc3 Bb7 3.e4 c5 4.g3 e5 5.d3 g6 6.h4 h6 7.f4 d6 8.Nf3 Bg7 9.Bh3 Ne7
10.h5 Bc8 11.Nd5 Bxh3 12.Rxh3 Qd7 13.Rh2 Nbc6 14.Qa4 Nxd5 15.cxd5 Nd4 16.Qxd7+ Kxd7
17.Nxd4 exd4 18.hxg6 fxg6 19.a4 a6 20.b3 h5 21.Ke2 Raf8 22.Bd2 Rf7 23.g4 hxg4
24.Rxh8 Bxh8 25.Rg1 Rh7 26.Rxg4 Rg7 27.Rh4 Rg8 28.Rh7+ Bg7 29.f5 Ke8 30.fxg6 Be5
31.Rh6 Bg7 32.Rh4 Be5 33.Rg4 Kd7 34.Kf3 Ke7 35.Bg5+ Bf6  1-0

[Event "Ticino op"]
[Site "Ticino"]
[Date "1994.??.??"]
[Round "4"]
[White "Cordara, Michele"]
[Black "Dausch, Rene"]
[Result "0-1"]
[WhiteElo "2190"]
[BlackElo "2300"]

1.c4 b6 2.Nc3 Bb7 3.e4 e6 4.Bd3 Ne7 5.Nge2 d5 6.O-O d4 7.Nb5 Nec6 8.f4 a6
9.Na3 Nb4 10.Qb3 N8c6 11.Nc2 Na5 12.Qa3 Nac6 13.Nxb4 Nxb4 14.Qb3 a5 15.a4 Bc5
16.Kh1 Qh4 17.Bb1 O-O-O 18.d3 f5 19.Ng3 h5 20.Bd2 Nc6 21.Qd1 Qf6 22.e5 Qe7
23.Ne2 h4 24.h3 Rdg8 25.Qe1 Bb4 26.Bxb4 axb4 27.Qf2 g5 28.a5 g4 29.Ng1 Nxa5
30.hxg4  0-1

[Event "Balkaniad"]
[Site "Varna"]
[Date "1994.??.??"]
[Round "3"]
[White "Szuhanek, Ranko"]
[Black "Chatalbashev, Boris"]
[Result "1/2-1/2"]
[WhiteElo "2325"]
[BlackElo "2395"]

1.c4 b6 2.Nf3 Bb7 3.g3 Bxf3 4.exf3 c5 5.d4 cxd4 6.Qxd4 Nc6 7.Qd2 Nh6 8.Bg2 Nf5
9.b3 e6 10.Bb2 Bb4 11.Bc3 a5 12.O-O O-O 13.Rd1 d5 14.f4 Nfe7 15.Qb2 d4 16.Bxb4 axb4
17.Rd3 Qd6 18.a4 Rad8 19.Nd2 e5 20.Ne4 Qg6 21.fxe5 Nxe5 22.Rdd1 f5 23.Nd2 f4
24.Be4 Qh6 25.Nf1 Nf5 26.Qd2 Ne3 27.fxe3 fxe3 28.Nxe3 dxe3 29.Qxd8 Rxd8 30.Rxd8+ Kf7
31.Re1 Ng4 32.Re2 Qf6 33.Rd1 Qc3 34.Rd3 Qf6 35.h3 Qe5 36.Bd5+ Kg6 37.Kg2 Nf6
38.Rdxe3 Qd4 39.Be4+ Kh6 40.h4 g6 41.Bf3 Nd7 42.Bd5 Nc5 43.Kh3 Qd1 44.g4 g5
45.hxg5+ Kxg5 46.Kg3 Qg1+ 47.Bg2 Qd1 48.Bd5 Qg1+ 49.Bg2 Qd1  1/2-1/2

[Event "Werfen op"]
[Site "Werfen"]
[Date "1994.??.??"]
[Round "?"]
[White "Kraschl, Joerg"]
[Black "Lempert, Igor"]
[Result "0-1"]
[WhiteElo "2210"]
[BlackElo "2510"]

1.c4 b6 2.Nf3 Bb7 3.g3 Bxf3 4.exf3 c5 5.d4 cxd4 6.Qxd4 Nc6 7.Qd1 e6 8.Bg2 Bb4+
9.Bd2 Nf6 10.O-O O-O 11.f4 Bxd2 12.Qxd2 Rc8 13.Nc3 Ne7 14.b3 Nf5 15.Rfd1 Qe7
16.Nb5 d5 17.cxd5 exd5 18.Qd3 Ne4 19.Bh3 Qc5 20.Nd4 Nxd4 21.Qxd4 Nc3 22.Qxc5 Rxc5
23.Rd2 Rd8 24.Bf1 Ne4 25.Rd4 Kf8 26.Bd3 Nf6 27.Re1 Re8 28.Re5 Ra5 29.a4 Rc5
30.h3 Rc3 31.b4 Ra3 32.Kg2 Rc8 33.b5 Rcc3 34.Re3 Ra2 35.Bb1 Raa3 36.Rxc3 Rxc3
37.Ba2 Rc5 38.g4 Ke7 39.Kf3 Kd6 40.Rd3 Ne8 41.Ke3 Nc7 42.f5 h6 43.f4 Rc2
44.Bb3 Rh2 45.Kd4 Re2 46.Rf3 Re4+ 47.Kd3 a6 48.bxa6 Nxa6 49.Kd2 Nc5 50.Bc2 Rd4+
51.Ke2 Na6 52.Re3 Nc5 53.Re8 Rc4 54.Kd2 Rxf4 55.Rg8 Rf2+ 56.Kc1 Ke5 57.Rxg7 Kd4
58.Kb2 Kc4 59.Rxf7 d4  0-1

[Event "Wiesbaden op"]
[Site "Wiesbaden"]
[Date "1994.??.??"]
[Round "6"]
[White "Morlo, Michael"]
[Black "Bandza, Algirdas"]
[Result "0-1"]
[WhiteElo "2325"]
[BlackElo "2380"]

1.c4 b6 2.Nc3 e6 3.a3 c5 4.e4 Bb7 5.g3 Nc6 6.Bg2 g6 7.Nge2 Bg7 8.d3 d6 9.O-O Nge7
10.Rb1 O-O 11.Be3 Nd4 12.b4 Qd7 13.Qd2 Rfe8 14.f4 Rac8 15.h3 Ba8 16.g4 Nxe2+
17.Nxe2 f5 18.Ng3 d5 19.gxf5 exf5 20.cxd5 Nxd5 21.Bf2 Nc3 22.Rbc1 Nxe4 23.Nxe4 fxe4
24.bxc5 e3 25.Qa2+ Kh8 26.Be1 e2 27.Rf2 Bxg2 28.Kxg2 Re3 29.Rxe2 Qxh3+ 30.Kg1 Bd4
31.Rxe3 Qxe3+  0-1

[Event "Wiesbaden op"]
[Site "Wiesbaden"]
[Date "1994.??.??"]
[Round "8"]
[White "Morlo, Michael"]
[Black "Schmitzer, Klaus"]
[Result "0-1"]
[WhiteElo "2325"]
[BlackElo "2330"]

1.c4 b6 2.Nc3 e6 3.a3 Bb7 4.d4 g6 5.d5 Bg7 6.e4 Ne7 7.Bd3 Na6 8.Nge2 O-O
9.O-O f5 10.f3 Nc5 11.Bc2 a5 12.Rb1 fxe4 13.fxe4 Rxf1+ 14.Qxf1 Ba6 15.Nb5 exd5
16.exd5 Nxd5 17.b4 axb4 18.axb4 Bxb5 19.cxb5 Qe7 20.Qf3 c6 21.bxc6 dxc6 22.Bd2 Rf8
23.Nf4 Qd6 24.g3 Kh8 25.Kg2 Ne6 26.Rf1 Nd4 27.Qd1 Nxf4+ 28.Rxf4 Rxf4 29.Bxf4 Qxb4
30.Be4 Qe7 31.Bd3 c5 32.Qg4 Qb7+ 33.Kh3 Qc6 34.Qh4 Qd7+ 35.Kg2 Nf5 36.Bxf5 gxf5
37.Qh5 b5 38.Qf3 Bd4 39.Qa8+ Kg7 40.Qa6 Bf6 41.h4 c4 42.Bh6+ Kf7 43.Qa8 Qe8
44.Qa7+ Qe7 45.Qa6 Qe4+ 46.Kh2 Bd4 47.Qa2 Qf3 48.Qb1 b4 49.Bf4 Kg6 50.Qc1 Qe2+
51.Kh3 Qg4+ 52.Kh2 Qe2+ 53.Kh3 b3 54.Bd6 Be3 55.Qh1 Qg4+ 56.Kh2 Qe4 57.Qd1 Qc2+  0-1

[Event "AUT-chT2S 9596"]
[Site "AUT"]
[Date "1995.??.??"]
[Round "?"]
[White "Titz, Heimo"]
[Black "Frosch, Erich"]
[Result "1/2-1/2"]
[WhiteElo "2300"]
[BlackElo "2265"]

1.c4 b6 2.Nc3 Bb7 3.d4 Nf6 4.Nf3 e6 5.Bg5 Be7 6.e3 d6 7.Bd3 Nbd7 8.O-O h6
9.Bxf6 Nxf6 10.Qc2 O-O 11.Ne4 c5 12.dxc5 bxc5 13.Rfd1 Qb6 14.Rd2 Rab8 15.Rad1 Rfd8
16.Nxf6+ Bxf6 17.Be4 Bc8 18.b3 a5 19.Rd3 Ba6 20.R3d2 Qc7 21.Rb1 Rb4 22.a3 Rb6
23.Rdd1 Rdb8 24.Rdc1 Bc8 25.Qd1 Bd7 26.a4 Rb4 27.Bc2 Bc6 28.Qd3 Rd8 29.e4 Kf8
30.Re1 Qb6 31.Rbd1 e5 32.Nd2 Be7 33.Nf1 Rb8 34.Rb1 Rd8 35.g3 Qb8 36.h4 Rb7
37.Qd2 Ra7 38.Ne3 g5 39.hxg5 Bxg5 40.Qe2 Bxe3 41.Qxe3 Kg7 42.Kg2 Rh8 43.Rh1 f5
44.Rh4 Rf7 45.Rbh1 Rf6 46.f3 fxe4 47.Bxe4 Bxe4 48.Rxe4 Qb7 49.Rg4+ Kf7 50.Rd1 Rb8
51.Rd3 Rg8 52.Rxg8 Kxg8 53.Rd1 Kf7 54.Rh1 Kg7 55.Rh4 Rg6 56.Qc3 Rf6 57.Rg4+ Kf7
58.Qd3 Kf8 59.Re4 Kg7 60.Rg4+ Kf8 61.Rg6 Qf7 62.Rxf6 Qxf6 63.Qd2 Qg6 64.Qe3 Kg7
65.Qc3  1/2-1/2

[Event "Biel op"]
[Site "Biel"]
[Date "1995.??.??"]
[Round "2"]
[White "Miezis, Normunds"]
[Black "Kulaots, Kaido"]
[Result "1-0"]
[WhiteElo "2505"]
[BlackElo "2390"]

1.c4 b6 2.Nc3 Bb7 3.e4 e6 4.Nge2 c5 5.g3 Nf6 6.Bg2 Qc7 7.d3 a6 8.O-O d6 9.a3 Be7
10.b4 O-O 11.Rb1 Nc6 12.b5 axb5 13.Nxb5 Qd8 14.f4 d5 15.cxd5 exd5 16.e5 Ne8
17.Nec3 d4 18.Ne4 Kh8 19.g4 Qd7 20.g5 f6 21.g6 hxg6 22.f5 Nxe5 23.fxg6 Qg4
24.Qxg4 Nxg4 25.Bf4 Ne3 26.Bxe3 dxe3 27.Rf5 Rd8 28.Re1 Rd5 29.Ng3 Rxf5 30.Nxf5 Bxg2
31.Kxg2  1-0

[Event "Bonn GSK"]
[Site "Bonn"]
[Date "1995.??.??"]
[Round "5"]
[White "Heinbuch, Detlef"]
[Black "Kengis, Edvins"]
[Result "0-1"]
[WhiteElo "2355"]
[BlackElo "2575"]

1.c4 b6 2.Nc3 e6 3.g3 Bb7 4.e4 f5 5.d3 Nf6 6.Bg2 fxe4 7.Nge2 Nc6 8.dxe4 Ne5
9.b3 Bc5 10.h3 Qe7 11.f4 Nf7 12.a3 a5 13.Qd3 O-O 14.g4 d5 15.e5 Ne4 16.Bxe4 dxe4
17.Qg3 Rad8 18.Be3 Bxe3 19.Qxe3 Nxe5  0-1

[Event "RUS-chT"]
[Site "Briansk"]
[Date "1995.??.??"]
[Round "4"]
[White "Gasthofer, Viktor"]
[Black "Chernyshov, Konstantin"]
[Result "1-0"]
[WhiteElo "2340"]
[BlackElo "2510"]

1.c4 b6 2.d4 Bb7 3.Nc3 e6 4.a3 f5 5.d5 Be7 6.Nf3 Nf6 7.g3 O-O 8.Bg2 Ne4 9.Bd2 Bf6
10.Rc1 Nd6 11.b3 e5 12.O-O Na6 13.Ne1 Qe7 14.Nb5 Nxb5 15.cxb5 Nc5 16.Be3 d6
17.Nd3 e4 18.Nb4 Qe5 19.Nc6 Bxc6 20.bxc6 a5 21.f3 exf3 22.Rxf3 Ne4 23.Qd3 g6
24.Kh1 Rae8 25.Rc4 Qb2 26.a4 Nc3 27.Bf1 Re4 28.Bh6 Rxc4 29.Qxc4 Re8 30.Re3 Qb1
31.Rxe8+ Kf7 32.Rf8+ Ke7 33.Kg2 g5 34.Rxf6 Nxd5 35.Qxd5 Kxf6 36.Bxg5+ Kxg5
37.h4+ Kf6 38.Kf2 Qb2 39.Bh3 Qc2 40.Bg2 Qc3 41.Bf3  1-0

[Event "RUS-sf"]
[Site "Briansk"]
[Date "1995.??.??"]
[Round "5"]
[White "Krylov, Stanislav"]
[Black "Poluljahov, Aleksandr"]
[Result "0-1"]
[WhiteElo "2175"]
[BlackElo "2460"]

1.c4 b6 2.Nc3 e6 3.d4 Bb4 4.e4 Bb7 5.Qc2 Qh4 6.d5 f5 7.exf5 exd5 8.Nf3 Qe4+
9.Qxe4+ dxe4 10.Nd4 Nc6 11.Nb5 O-O-O 12.Bf4 d6 13.O-O-O a6 14.Nxc7 Bxc3 15.Ne6 Be5
16.Bxe5 dxe5 17.Nxd8 Nxd8 18.c5 bxc5 19.Bc4 Nf6 20.h3 Nc6 21.g4 Nd4 22.Rhe1 Kc7
23.Re3 Kb6 24.Rde1 Rd8 25.Ra3 Nf3 26.Rd1 Nd4 27.Re1 Ka7 28.Rae3 Nd5 29.Rxe4 Nb6
30.Rxe5 Nxc4 31.Rxc5 Nd6 32.Re7 Kb6 33.b4 a5 34.Rxa5 Nc6 35.Rxg7 Nxa5 36.bxa5+ Kc5
37.Rxh7 Kd4 38.Rc7 Ke5 39.Re7+ Kf4 40.Rg7 Be4 41.a6 Ke5 42.a7 Kd4 43.Kb2 Nc4+
44.Kb3 Rd6 45.a4 Bd5 46.Ka2 Kd3  0-1

[Event "Budapest FS05 IM"]
[Site "Budapest"]
[Date "1995.??.??"]
[Round "8"]
[White "Brauer, Christian"]
[Black "Thallinger, Harald"]
[Result "0-1"]
[WhiteElo "2175"]
[BlackElo "2205"]

1.c4 b6 2.e4 Bb7 3.Nc3 c5 4.Nf3 d6 5.d4 g6 6.Bd3 Bg7 7.Be3 Nf6 8.h3 O-O 9.O-O cxd4
10.Nxd4 Nbd7 11.f3 Ne5 12.Be2 Rc8 13.b3 Ned7 14.Rc1 Nh5 15.Kh2 a6 16.g4 Nhf6
17.Qd2 Re8 18.Bd3 e6 19.Nde2 d5 20.exd5 exd5 21.g5 dxc4 22.Bxc4 Nh5 23.Ne4 Ne5
24.Qxd8 Rcxd8 25.Bxb6 Bxe4 26.fxe4 Rd2 27.Rf2 Rxa2 28.Bd5 Rb8 29.Bc7 Rc8
30.Bxe5 Bxe5+  0-1

[Event "Cannes op"]
[Site "Cannes"]
[Date "1995.??.??"]
[Round "3"]
[White "Manouck, Thierry"]
[Black "Chabanon, Jean Luc"]
[Result "0-1"]
[WhiteElo "2320"]
[BlackElo "2445"]

1.c4 b6 2.Nf3 Bb7 3.g3 Bxf3 4.exf3 c5 5.d4 cxd4 6.Qxd4 Nc6 7.Qd2 e6 8.Nc3 Qf6
9.Be2 Bb4 10.O-O Nge7 11.Ne4 Qe5 12.Qd1 f5 13.a3 Bxa3 14.Rxa3 fxe4 15.b4 Nxb4
16.Bf4 Qf6 17.fxe4 Nec6 18.Bd6 Qd4 19.e5 Qxd1 20.Rxd1 a5 21.Rb3 Ra7 22.f4 Kf7
23.Kf2 Rha8 24.Rb2 Rb7 25.Rdb1 Rc8 26.Ke3 b5 27.cxb5 Nd5+ 28.Kd2 Ncb4 29.Ra1 Nc3
30.Rxa5 Nc6 31.Ra6 Nxe2 32.Kxe2 Nd4+ 33.Kd3 Nxb5 34.Rc2 Rxc2 35.Kxc2 Nd4+
36.Kc3 Nf5 37.Ra3 Ne3 38.Ra8 Nf1 39.Rf8+ Kg6 40.Rg8 Nxh2 41.Rf8 Nf1 42.g4 Ne3
43.Bc5 Nxg4 44.f5+ exf5 45.Kd4 Rb1 46.Bd6 Rd1+ 47.Kc5 h5 48.Kb6 h4 49.Rh8 Nh6
50.Ra8 h3 51.Ra2 Ng4  0-1

[Event "Cappelle op"]
[Site "Cappelle la Grande"]
[Date "1995.??.??"]
[Round "9"]
[White "Manouck, Thierry"]
[Black "Matveeva, Svetlana"]
[Result "0-1"]
[WhiteElo "2320"]
[BlackElo "2430"]

1.c4 b6 2.g3 Bb7 3.Nf3 Bxf3 4.exf3 c5 5.d4 cxd4 6.Qxd4 Nc6 7.Qd2 e6 8.Nc3 Qf6
9.Be2 Bb4 10.O-O Bxc3 11.bxc3 Nge7 12.Ba3 Rd8 13.c5 bxc5 14.Bxc5 d6 15.Be3 h6
16.Rab1 Rd7 17.f4 O-O 18.Qd3 Rc8 19.Rb5 Nd5 20.Bd2 Nb6 21.Bd1 Ne7 22.Bb3 d5
23.Rb1 Nf5 24.Bc2 Rdc7 25.Be1 g6 26.R5b4 d4 27.g4 Nh4 28.Rxd4 Nd5 29.Rd1 Rxc3
30.Bxc3 Nxc3 31.Qa6 Nf3+ 32.Kf1 Nxd4  0-1

[Event "Crailsheim op 1st"]
[Site "Crailsheim"]
[Date "1995.??.??"]
[Round "?"]
[White "Heusinger, Martin"]
[Black "Dausch, Rene"]
[Result "1/2-1/2"]
[WhiteElo "1960"]
[BlackElo "2305"]

1.c4 b6 2.d4 e6 3.Nc3 Bb7 4.Nf3 f5 5.g3 Nf6 6.Bg2 Bb4 7.Bd2 O-O 8.O-O d6
9.d5 Bxc3 10.Bxc3 Nbd7 11.Nd4 Nc5 12.Bb4 exd5 13.Bxc5 dxc5 14.Ne6 Qd6 15.Nxf8 Rxf8
16.cxd5 Bxd5 17.Bxd5+ Nxd5 18.Qb3 c6 19.Rad1 Re8 20.Rfe1 Re4 21.a3 Qe5 22.Rd2 c4
23.Qc2 b5 24.b3 c3 25.Rd3 a5 26.f3 Re3 27.Rxe3 Qxe3+ 28.Kh1 g6 29.Qd3 f4
30.Qxe3 fxe3 31.f4 c5 32.Rd1 c4 33.bxc4 b4 34.axb4 axb4 35.cxd5 c2 36.Rc1 b3
37.Kg2 b2 38.Rxc2 b1=Q 39.Rc8+ Kg7 40.Re8 Qb5 41.Rxe3 Qxd5+ 42.Rf3 Qe4 43.Kf2 h5
44.h4 Kf6 45.Re3 Qh1 46.Re5 Qh2+ 47.Kf3 Qg1 48.Rg5  1/2-1/2

[Event "Crailsheim op 1st"]
[Site "Crailsheim"]
[Date "1995.??.??"]
[Round "?"]
[White "Wild, Helmut"]
[Black "Dausch, Rene"]
[Result "0-1"]
[WhiteElo "1905"]
[BlackElo "2305"]

1.c4 b6 2.Nc3 Bb7 3.e4 e6 4.d4 Bb4 5.f3 f5 6.e5 c5 7.Be3 f4 8.Bxf4 cxd4 9.a3 Bxc3+
10.bxc3 dxc3 11.Qd3 Ne7 12.Ne2 O-O 13.Bg5 Rf5 14.f4 Na6 15.Rg1 Nc5 16.Qd6 Rxg5
17.fxg5 Nf5 18.Qd1 Ne3  0-1

[Event "CZE-chT1a"]
[Site "?"]
[Date "1995.??.??"]
[Round "?"]
[White "Stulik, Vlastimil"]
[Black "Bores, Roman"]
[Result "0-1"]
[WhiteElo "2255"]
[BlackElo "2295"]

1.c4 b6 2.Nc3 e6 3.e4 Bb7 4.g3 Bb4 5.Nge2 f5 6.Bg2 Nf6 7.d3 fxe4 8.O-O Qc8
9.dxe4 O-O 10.h3 Nc6 11.Be3 Ne5 12.b3 a5 13.Rc1 Ng6 14.f4 d6 15.g4 Bc5 16.Bxc5 bxc5
17.Ng3 Kh8 18.f5 Nh4 19.g5 Nxg2 20.gxf6 Ne3 21.fxg7+ Kxg7 22.Qd2 Nxf1 23.Nh5+ Kh8
24.Qh6 Rf7 25.Rxf1 exf5 26.Rxf5 Qg8+ 27.Kf2 Bxe4 28.Rxf7 Qxf7+ 29.Nf4 Rf8
30.Ke3 Bf5 31.Ncd5 c6 32.Nc3 Qe7+ 33.Kd2 Re8 34.Nce2 Qe5 35.Qh4 d5 36.cxd5 cxd5
37.Qf2 d4 38.Ng3 Bb1 39.Kc1 Bg6 40.Kb2  0-1

[Event "Dresden op"]
[Site "Dresden"]
[Date "1995.??.??"]
[Round "?"]
[White "Apel, Stefan"]
[Black "Lau, Ralf"]
[Result "0-1"]
[WhiteElo "2340"]
[BlackElo "2490"]

1.c4 b6 2.Nc3 Bb7 3.d4 e6 4.a3 f5 5.d5 Nf6 6.g3 Bd6 7.Bg2 O-O 8.Nf3 Qe7 9.O-O a5
10.Nd4 Na6 11.b3 Nc5 12.Bb2 Nfe4 13.Ndb5 Be5 14.b4 axb4 15.axb4 Na6 16.Nxe4 Bxb2
17.Rb1 fxe4 18.Rxb2 exd5 19.cxd5 Qe5 20.Rc2 Bxd5 21.Nxc7 Nxc7 22.Rxc7 Bc6
23.Rxd7 Bxd7 24.Qxd7 Ra1 25.Bh3 Kh8 26.Qd2 e3 27.fxe3 Raxf1+ 28.Bxf1 Qa1  0-1

[Event "Dublin"]
[Site "Dublin"]
[Date "1995.??.??"]
[Round "1"]
[White "Kelly, Bryan"]
[Black "Joyce, John"]
[Result "1/2-1/2"]
[WhiteElo "2210"]
[BlackElo "2205"]

1.c4 b6 2.Nc3 Bb7 3.d4 e6 4.Nf3 Bb4 5.g3 Bxc3+ 6.bxc3 Nf6 7.Bg2 O-O 8.O-O d6
9.Nd2 Bxg2 10.Kxg2 c5 11.Qc2 Nc6 12.Qd3 Qd7 13.e4 Ne8 14.Bb2 Na5 15.Nb3 Qa4
16.Nxa5 Qxa5 17.f4 Qa4 18.f5 exf5 19.Rxf5 Rc8 20.d5 Nf6 21.Bc1 Nd7 22.Bf4 g6
23.Bxd6 gxf5 24.e5 Nxe5 25.Bxe5 f6 26.Qxf5 fxe5  1/2-1/2

[Event "Nord Cup 1st"]
[Site "Duesseldorf"]
[Date "1995.??.??"]
[Round "6"]
[White "Vehreschild, Axel"]
[Black "Classen, Harald"]
[Result "1-0"]
[WhiteElo "2105"]
[BlackElo "1900"]

1.c4 b6 2.Nc3 Bb7 3.e4 e6 4.Nf3 Bb4 5.Bd3 Ne7 6.O-O O-O 7.Qc2 f5 8.Re1 Na6
9.exf5 Nxf5 10.Ne4 Qe8 11.a3 Be7 12.b4 Qh5 13.Bb2 c5 14.b5 Nc7 15.Ne5 Rad8
16.g4 Qh4 17.gxf5 Rxf5 18.Ng3 Rxf2 19.Bxh7+ Kh8 20.Ng6+  1-0

[Event "FIN-chT"]
[Site "FIN"]
[Date "1995.??.??"]
[Round "?"]
[White "Valkesalmi, Kimmo"]
[Black "Norri, Joose"]
[Result "1/2-1/2"]
[WhiteElo "2365"]
[BlackElo "2380"]

1.c4 b6 2.Nf3 e6 3.g3 Bb7 4.Bg2 Nf6 5.O-O Be7 6.b3 O-O 7.Bb2 d5 8.e3 c5 9.d3 Nc6
10.Qe2 Qc7 11.Nc3 Rad8 12.cxd5 exd5 13.d4 Rfe8 14.Rfd1 Ne4 15.dxc5 Nxc3 16.Bxc3 bxc5
17.Qb2 Bf8 18.Rd2 Ne7 19.Rc1 Nf5 20.b4 c4 21.Ne1 Qb6 22.Nc2 Nd6 23.Bd4 Qa6
24.Bc5 Nb5 25.Bxf8 Kxf8 26.Rdd1 h5 27.Nd4 Nd6 28.h4 Ne4 29.b5 Qa5 30.Bf3 g6
31.Bxe4 Rxe4 32.Qc3 Qb6 33.a4 Qf6 34.Qb4+ Kg8 35.Qc5 g5 36.hxg5 Qxg5 37.Nc6 Rd7
38.Rd4 Rxe3 39.Rcxc4 Rxg3+ 40.fxg3 Qxg3+ 41.Kf1 Qf3+ 42.Ke1 Qe3+ 43.Kf1 Qf3+  1/2-1/2